00633 2200229 4500001002100000005001700021008004100038035002400079040001200103041000800115082001100123090001700134100001700151245006200168250001000230260003100240300003100271500005600302650001300358990001600371990001600387YOGYA-0213000000012420130205103309.0 ind  0010-021300000000124 aYOPDYOG aInd aBR 920 aBR 920 Rud M aRUDY GUNAWAN aMbah maridjan : Sang presiden gunung merapicRUDY GUNAWAN aCet.1 a[ s.e ]bGagas Mediac2006 a[ 116 ] hlmb30 cm (2 eks) aDi brailekan oleh yayasan mitra netra Jakarta ,2006 aMaridjan a065-BR/B.12 a066-BR/B.12